Alfréd Nobel - otec géniov

Krátky životopis Alfreda Nobela vynálezcu, po ktorom je pomenovaná cena za významné objavy v rôznych vedných disciplínach. Spôsob udeľovania Nobelovej ceny.

Guardado en:
Detalles Bibliográficos
Formato: Capítulo de libro
Lenguaje:eslovaco
Materias:
Etiquetas: Agregar Etiqueta
Sin Etiquetas, Sea el primero en etiquetar este registro!

MARC

LEADER 00000naa a2200000 4500
001 r046829
005 20230908084255.8
041 0 |a slo 
044 |a SK 
245 1 0 |a Alfréd Nobel - otec géniov 
520 |a Krátky životopis Alfreda Nobela vynálezcu, po ktorom je pomenovaná cena za významné objavy v rôznych vedných disciplínach. Spôsob udeľovania Nobelovej ceny. 
610 2 0 |a Nobelova cena 
610 2 0 |a história 
610 2 0 |a životopisy 
610 2 0 |a Nobel, A.